Rework: Change the Way You Work Forever (Record no. 233499)

MARC details
000 -LEADER
fixed length control field 01678nam a22002177a 4500
005 - DATE AND TIME OF LATEST TRANSACTION
control field 20250123113924.0
008 - FIXED-LENGTH DATA ELEMENTS--GENERAL INFORMATION
fixed length control field 250106b ||||| |||| 00| 0 eng d
020 ## - INTERNATIONAL STANDARD BOOK NUMBER
International Standard Book Number 9780091929787
040 ## - CATALOGING SOURCE
Transcribing agency AL
041 ## - LANGUAGE CODE
Language code of text/sound track or separate title English
082 ## - DEWEY DECIMAL CLASSIFICATION NUMBER
Edition number 23
Classification number 158.1
Item number FRIR
100 ## - MAIN ENTRY--PERSONAL NAME
Personal name Jason Fried
100 ## - MAIN ENTRY--PERSONAL NAME
9 (RLIN) 194838
245 ## - TITLE STATEMENT
Title Rework: Change the Way You Work Forever
260 ## - PUBLICATION, DISTRIBUTION, ETC.
Place of publication, distribution, etc. London
Name of publisher, distributor, etc. Vermilion
Date of publication, distribution, etc. 2010
300 ## - PHYSICAL DESCRIPTION
Extent vii,279 p.
Other physical details PB
Dimensions 21.5x13.5 cm.
365 ## - TRADE PRICE
Price type code HYD8-7023045
Price amount ₹424.32
Currency code
Unit of pricing ₹442.00
Price note 17.68
Price effective from 17-12-2024
520 ## - SUMMARY, ETC.
Summary, etc. From the founders of the trailblazing software company 37signals, here is a different kind of business book - one that explores a new reality. Today, anyone can be in business. Tools that used to be out of reach are now easily accessible. Technology that cost thousands is now just a few pounds or even free. Stuff that was impossible just a few years ago is now simple. That means anyone can start a business. And you can do it without working miserable 80-hour weeks or depleting your life savings. You can start it on the side while your day job provides all the cash flow you need. Forget about business plans, meetings, office space - you don't need them. With its straightforward language and easy-is-better approach, "Rework" is the perfect playbook for anyone who's ever dreamed of doing it on their own. Hardcore entrepreneurs, small-business owners, people stuck in day jobs who want to get out, and artists who don't want to starve anymore will all find valuable inspiration and guidance in these pages. It's time to rework work.
650 ## - SUBJECT ADDED ENTRY--TOPICAL TERM
Topical term or geographic name entry element New business enterprises
9 (RLIN) 192167
700 ## - ADDED ENTRY--PERSONAL NAME
Personal name David Heinemeier Hansson
9 (RLIN) 192168
942 ## - ADDED ENTRY ELEMENTS (KOHA)
Source of classification or shelving scheme Dewey Decimal Classification
Koha item type Book
Holdings
Withdrawn status Lost status Source of classification or shelving scheme Damaged status Not for loan Collection code Home library Current library Date acquired Source of acquisition Cost, normal purchase price Total Checkouts Full call number Barcode Date last seen Date last checked out Cost, replacement price Price effective from Koha item type
    Dewey Decimal Classification     Journalism St Aloysius Library St Aloysius Library 01/03/2025 amazon.in 424.32 2 158.1 FRIR 077448 06/20/2025 06/20/2025 442.00 01/06/2025 Book